Normal view MARC view
  • Dr. Faisal Abbas

Entry Personal Name

Number of records used in: 4

001 - CONTROL NUMBER

  • control field: 55333

003 - CONTROL NUMBER IDENTIFIER

  • control field: NUST

005 - DATE AND TIME OF LATEST TRANSACTION

  • control field: 20210610143908.0

008 - FIXED-LENGTH DATA ELEMENTS

  • fixed length control field: 210610|| aca||aabn | a|a d

040 ## - CATALOGING SOURCE

  • Original cataloging agency: NUST
  • Transcribing agency: NUST

100 ## - HEADING--PERSONAL NAME

  • Personal name: Dr. Faisal Abbas

670 ## - SOURCE DATA FOUND

  • Source citation: Work cat.: (NUST): Zuha Nadeem : Ayesha Zafar : Amal Bano. 55332, Impact of Gender Inequality in Education on GDP of Pakistan /, 2021.
© 2023 Central Library, National University of Sciences and Technology. All Rights Reserved.